عرض عادي
عرض مارك
- Physics
مدخل مصطلح موضوعي
001 - رقم الضبط
- حقل الضبط: 36596
003 - معرف رقم الضبط
- حقل الضبط: OSt
005 - تاريخ ووقت أخر عملية
- حقل الضبط: 20130816070452.0
008 - عناصر بيانات ثابتة الطول
- حقل تحكم ثابت الطول: 130816|||a|||||| | ||| d
040 ## - مصدر الفهرسة
- هيئة الفهرسة الأصلية: OSt
- وكالة الكتابة: OSt
150 ## - مدخل-- مصطلح تاريخي
- عنصر مدخل المصطلح الموضوعي او الاسم الجغرافي: Physics
- تفريع عام: Examinations
- تفريع شكلي: Study guides.
670 ## - بيانات المصدر موجوده
- الاستشهاد بالمصدر: Work cat.: (OSt)30503: Beiser, Arthur. 36595, Applied physics /, 2012.
